000 00448nam a2200181Ia 4500
001 21004
005 20260306172847.0
008 260306t2007||||xx |||||||||||||| ||spa||
041 _aESP
082 _a343.8385
_bE92
100 _aEstudio Caballero Bustamante
_eAUT
245 0 _aTratado empresarial en materia aduanera
260 _c2007
300 _a262 páginas :
_c25 cm.
650 _aGEN
654 _aCCO
942 _cLIB
_dJUS
_fJUS
_2ddc
_n
999 _c21004
_d21004